000 01295nam a2200325 i 4500
003 EG-GICUC
005 20260314155606.0
008 251116b1970 ua ||||f |||| 00| 0 ara d
040 _a EG-GICUC
_c EG-GICUC
_d EG-GICUC
_erda
_bara
041 _aara
082 0 4 _221
_a345.6
_bع ل . إ
092 0 4 _221
099 _aLaw1 07 345.6 1970 ع ل . إ
100 0 _aعلي السلمي
_eمؤلف.
245 _aإتخاذ القرارات الإدارية /
_cإعداد دكتور علي السلمي.
264 _aالقاهرة :
_bجامعة الدول العربية-المنظمة العربية للعلوم الإدارية، مركز البحوث الإدارية،
_c1970.
300 _a59 صفحة :
_c24 سم.
_bإيضاحيات ؛
336 _2rda content
_atext
337 _2rda media
_aComputer
338 _2rda carrier
_aOnline Resource
490 _v31
504 _aيشتمل على إرجاعات ببليوجرافية
504 _aببليوجرافيا : صفحة 59.
546 _aالنص باللغة العربية
650 1 _aالقانون الإداري
_2qrmak
650 1 _aالإدارة
_2qrmak
_xإتخاذ القرار
856 4 0 _uhttps://fll.law.cu.edu.eg/fulltext/bks/B07-00237.pdf
905 _aWesam Mahmoud
942 _2ddc
_n0
_cBK
_e21
999 _c43380
_d43380